Cases and policies in human resources management. (Record no. 548341)

000 -LEADER
fixed length control field 00828nam a2200229 i 4500
020 ## - INTERNATIONAL STANDARD BOOK NUMBER
International Standard Book Number 0395250706
082 00 - DEWEY DECIMAL CLASSIFICATION NUMBER
Classification number 658.301
Author Mark HIL
-- D
100 1# - MAIN ENTRY--PERSONAL NAME
Personal name Hilgert, Raymond L.
9 (RLIN) 44589
245 10 - TITLE STATEMENT
Title Cases and policies in human resources management.
250 ## - EDITION STATEMENT
Edition statement 3d ed. /
260 ## - PUBLICATION, DISTRIBUTION, ETC.
Place of publication, distribution, etc. Boston :
Name of publisher, distributor, etc. Houghton Mifflin,
Date of publication, distribution, etc. c1978.
300 ## - PHYSICAL DESCRIPTION
Extent ix, 373 p. :
Other physical details ill. ;
Dimensions 24 cm.
500 ## - GENERAL NOTE
General note First-2d ed. by J. W. Towle, S. H. Schoen, R. L. Hilgert published under title: Problems and policies in personnel management.
500 ## - GENERAL NOTE
General note Includes bibliographical references.
526 ## - STUDY PROGRAM INFORMATION NOTE
Program name 0
Interest level 0
Reading level 0
Title point value 658_301000000000000_HIL
650 #0 - SUBJECT ADDED ENTRY--TOPICAL TERM
Topical term or geographic name entry element MCE
9 (RLIN) 379
650 #0 - SUBJECT ADDED ENTRY--TOPICAL TERM
Topical term or geographic name entry element Personnel management
General subdivision Case studies.
9 (RLIN) 44590
700 1# - ADDED ENTRY--PERSONAL NAME
Personal name Schoen, Sterling Harry,
9 (RLIN) 44591
700 1# - ADDED ENTRY--PERSONAL NAME
Personal name Towle, Joseph W.
9 (RLIN) 44592
700 1# - ADDED ENTRY--PERSONAL NAME
Personal name Towle, Joseph W.,
9 (RLIN) 44593
942 ## - ADDED ENTRY ELEMENTS (KOHA)
Source of classification or shelving scheme
Koha item type Book
Holdings
Withdrawn status Lost status Source of classification or shelving scheme Damaged status Not for loan Permanent Location Current Location Date acquired Total Checkouts Full call number Barcode Date last seen Price effective from Koha item type
          Military College of Engineering (MCE) Military College of Engineering (MCE) 08/27/2014   658.301 HIL MCE-41696 08/27/2014 08/27/2014 Book
© 2023 Central Library, National University of Sciences and Technology. All Rights Reserved.